Blackburn Rovers Squad 2025-2026 - Statistics

General Stats
  • This quiz has been taken 9 times
    6 since last reset
  • The average score is 26 of 34
Answer Stats
# Position Nation Player % Correct
7 FW Sierra Leone Augustus Kargbo
100%
1 GK England Aynsley Pears
100%
22 GK Hungary Balázs Tóth
100%
20 DF Ireland Eiran Cashin
100%
17 DF England Hayden Carter
100%
12 DF Australia Lewis Miller
100%
- Coach Northern Ireland Michael O'Neill
100%
24 MF France Moussa Baradji
100%
19 FW Wales Ryan Hedges
100%
16 DF England Scott Wharton
100%
15 DF Ireland Sean McLoughlin
100%
6 MF Norway Sondre Tronstad
100%
- Coach France Valérien Ismaël
100%
11 FW Iceland Andri Guðjohnsen
75%
- Coach Northern Ireland Damien Johnson
75%
14 MF Belgium Dion De Neve
75%
3 DF England Harry Pickering
75%
31 MF Scotland Kristi Montgomery
75%
9 FW Senegal Makhtar Gueye
75%
29 FW Denmark Mathias Jørgensen
75%
2 DF Nigeria Ryan Alebiosu
75%
25 MF Japan Ryoya Morishita
75%
8 MF Cape Verde Sidnei Tavares
75%
5 MF England Taylor Gardner-Hickman
75%
10 MF England Todd Cantwell
75%
23 FW Japan Yuki Ohashi
75%
4 DF Portugal Yuri Ribeiro
75%
28 MF England Adam Forshaw
50%
18 MF Sweden Axel Henriksson
50%
27 FW England Nathan Redmond
50%
21 FW England Oladapo Afolayan
50%
32 FW England Igor Tyjon
25%
30 MF England Jake Garrett
25%
26 DF Ireland Connor O'Riordan
0%
No matching quizzes found
Score Distribution
Percent of People with Each Score
Percentile by Number Answered
Your Score History
You have not taken this quiz since the last reset